000 003370000a22000970004500
100 1 _aHoward, David M.
245 1 0 _aLa promesa del esposo : Al hombre le toca hacer planes y al Señor dirigir sus pasos (Proverbios 16.9)
300 _aVol. 77, Num. 4 (Octubre-Diciembre, 1997), Página 4
773 0 _tLatin America Evangelist
942 _cANA
999 _c55103
_d55103